Sauces or Types of Carriage? Quiz Stats

 Plays Quiz not verified by Sporcle

Also try: A-Z Keypad Blitz
Challenge
Share
Tweet
Embed
Score 0/15 Timer 02:00
0 Plays Today
% Correct
Béarnaise
93.5%
Hollandaise
93.1%
Béchamel
92.8%
Tartare
88.1%
Aioli
87.7%
Espagnole
83%
Romesco
82.7%
Velouté
77.3%
% Correct
Soubise
72.2%
Suprème
68.2%
Chaudfroid
63.2%
Normandy
53.4%
Cumberland
51.3%
Aurore
30.3%
Reform
14.8%

You're not logged in!

Compare scores with friends on all Sporcle quizzes.
Join for Free
OR
Log In

You Might Also Like...

Show Comments

Extras

Top Quizzes Today


Score Distribution

Your Account Isn't Verified!

In order to create a playlist on Sporcle, you need to verify the email address you used during registration. Go to your Sporcle Settings to finish the process.

Report this User

Report this user for behavior that violates our Community Guidelines.

Details: